| 000 | 00796nam a2200289 a 4500 | ||
|---|---|---|---|
| 003 | AR-BaBNM | ||
| 005 | 20251128205844.0 | ||
| 008 | 082120s2002 ||||||||||||||000 | spa|| | ||
| 020 | _a84-376-0103-7 | ||
| 040 | _cAR-BaBNM | ||
| 100 | 1 | _aMarcos Marín, Francisco | |
| 245 | 0 | 0 |
_aEl comentario lingüístico _bmetodología y práctica |
| 250 | _a4ª ed. | ||
| 260 |
_aMadrid _bEdiciones Cátedra _c1980 |
||
| 300 |
_a173 p. _bgráfs. |
||
| 500 | _aContiene referencias bibliográficas en p. 171 | ||
| 650 | 4 | _aLINGÜISTICA COMPARATIVA Y DIACRONICA | |
| 650 | 4 | _aTEORIA LINGÜISTICA | |
| 650 | 4 | _aSINTAXIS | |
| 650 | 4 | _aSEMANTICA | |
| 650 | 4 | _aGRAMATICA | |
| 650 | 4 | _aSEMIOLOGIA | |
| 650 | 4 | _aLINGÜISTICA | |
| 653 | _aFILOSOFIA DEL LENGUAJE | ||
| 942 | _cBK | ||
| 998 | _cMARTIN | ||
| 999 |
_c13041 _d13041 |
||